000 00678cam a22002291 4500
001 med47000338
003 DLC
005 20260227111558.0
008 820128s1943 xx ac 000 0 fre
010 _amed47000338
035 _a(OCoLC)14746045
040 _aDLC
_cDNLM
_dDLC
042 _apremarc
050 0 0 _aQP26.F7
_bF55
060 0 _aWZ 100
_bF852F 1943
100 1 _aFlorkin, Marcel.
245 1 0 _aLéon Fredericq et les débuts de la physiologie en Belgique ...
260 _aBruxelles,
_bOffice de publicité,
_c1943.
300 _a103, [1] p.
_bill., ports.
490 0 _aCollection nationale. 3. sér. ;
_vno. 36
830 0 _aCollection nationale. ;
_vno. 36
999 _c38039
_d38039